Les 20 plus grandes villes de l'Aube sur une carte - Statistiques

Statistiques générales
  • Ce quiz a été pris 52 fois
  • Le résultat moyen est 10 sur 20
Réponses sur la Carte
Les réponses sont colorées sur une échelle allant du rouge au vert en fonction du pourcentage des utilisateurs qui les ont devinées à leur premier essai. Vous pouvez retrouver ces pourcentages ci-dessous.
 
Statistiques - réponses
Population Initiale Ville % Correct
62 088 T Troyes
100%
14 959 R Romilly-sur-Seine
84%
4 665 B Bar-sur-Aube
79%
2 858 B Bar-sur-Seine
79%
5 537 N Nogent-sur-Seine
71%
12 648 (La) C La Chapelle-Saint-Luc
63%
12 806 S Saint-André-les-Vergers
53%
10 289 S Sainte-Savine
47%
6 760 S Saint-Julien-les-Villas
47%
2 672 B Brienne-le-Château
45%
5 249 P Pont-Sainte-Marie
45%
2 785 A Arcis-sur-Aube
42%
3 223 S Saint-Parres-aux-Tertres
37%
4 840 R Rosières-près-Troyes
34%
2 605 V Villenauxe-la-Grande
34%
3 236 A Aix-Villemaur-Pâlis
32%
3 261 (Les) N Les Noës-près-Troyes
32%
3 219 B Bréviandes
29%
2 956 S Saint-Lyé
26%
3 692 (La) R La Rivière-de-Corps
18%
Aucun quiz correspondant
Distribution des résultats
% des personnes avec chaque résultat
Percentile par nombre de réponses
Votre historique - résultats
Vous n’avez pas pris ce quiz